| 000 | 00900nam a2200253Ia 4500 | ||
|---|---|---|---|
| 003 | GCL | ||
| 008 | 140319s9999 xx 000 0 ara d | ||
| 040 |
_aGCL / _cGCL |
||
| 082 | 0 | 4 |
_a303.44 _bأ ت |
| 100 | 1 | _aالسيد نصرالدين السيد | |
| 245 | 1 | 0 |
_aالتنوير الغائب : _b( مطالعات فى مسيرة التنوير ) / _cالسيد نصرالدين السيد |
| 250 | _aالاولى | ||
| 260 |
_aالقاهرة : _bدار العين للنشر ، _c2006 |
||
| 300 |
_a203 ص ؛ _c20 سم |
||
| 650 | 0 | 4 | _aالتفكير |
| 650 | 0 | 4 | _aالتخلف الثقافى |
| 650 | 0 | 4 | _aالتغير الاجتماعى |
| 650 | 0 | 4 | _aالتطور الاجتماعى |
| 650 | 0 | 4 | _aالتنوير |
| 650 | 0 | 4 | _aتكنولوجيا المعلومات |
| 650 | 0 | 4 | _aالابداع |
| 650 | 0 | 4 | _aالعالم العربى - التبادل الثقافى |
| 942 |
_2ddc _cBK |
||
| 999 |
_c9789 _d9789 |
||